00880nab a22001697u 4500003000900000008004100009020001100050041000800061082002100069100010800090245010600198260007200304300002300376520006000399546001200459653023900471EC-PaCDF060603t20012001||||||||||||||||||||spa|| cNormal aspa a598.944a598.944 aParker, P., Bollmer, J., Whiteman, N., Bednarz, J., Levenstein, K., de Vries, T., Lara, A., Jimenez, P. aDiferenciación poblacional y demografía en el gavilán de Galápagos (Buteo galapagoensis).bc aPuerto Ayora, EcuadorbEstación Científica Charles Darwinc2001 a: 1-6.bArtículo aReporte de Salida al Campo, Parque Nacional Galápagos aSpanish aDiferenciación poblacional y demografía en el gavilán de Galápagos (Buteo galapagoensis).aButeo galapagoensis, Galápagos hawk, population, demographyaButeo galapagoensis, Gavilán de Galápagos, población, demografía